000 00548nam a2200181 i 4500
001 30118
003 ES-MaACL
005 20230906154136.0
007 t|
008 030123s1981 xxk ||||1| eng d
100 1 _aBarraclough, Geoffrey.
_925812
245 1 4 _aThe Times
_b: Atlas of world history /
_cedited by Geoffrey Barraclouch.
250 _a[5th imp.].
260 _a[London] :
_bTimes Books,
_c[1981]
300 _a360 p. :
_bmap. col. ;
_c38 cm.
650 4 _aHistoria universal-
_xAtlas.
_913430
852 _aES-MaACL
_jL-7217
_bR.106404
999 _c30118
_d30118